000 00884nmm a2200265 a 4500
001 ocm0001062057
003 TR-IsHL
005 20201028151340.0
008 150709s2014 tu tur
007 cr cn
035 _a1062057
_b(N$T)
050 0 4 _aDS254
_b.D395 2014
090 0 4 _aDS254
_b.D395 2014
100 1 _aDemirdurak, Bülent
245 1 0 _aİran
_h[electronic resource] /
_cBülent Demirdurak ; Farhad Shakib Pilehroud
260 _aİstanbul :
_bGiTa Yayınları,
_c2014
300 _a162 p.
650 4 _aSpor, Seyahat ve Turizm
650 4 _aSports, Travel & Tourism
650 0 _aİran
_xTanıtım ve seyahat
650 0 _aIran
_xDescription and travel
650 7 _aTRAVEL / Middle East / General
_2bisacsh
700 1 _aPilehroud, Farhad Shakib
856 4 0 _uhttp://search.ebscohost.com/login.aspx?direct=true&scope=site&db=e011xww&AN=1062057
999 _c10961
_d10961